000 00519nam a2200193 a 4500
001 1758620201551
003 YourLibrary
005 20250923150819.0
008 250923s2007##################000#0#eng##
020 _a9780123736277
082 0 4 _a577.015
_bDAW
100 1 _aDawson, Todd E.,
_eauthor.
245 1 0 _aStable Isotopes as Indicators of Ecological Change :
260 _bAcademic Press,
_c2007.
300 _a417 pages
650 0 _aScience.
942 _cENGLISH
040 _aYourLibrary
_beng
_cYourLibrary
999 _c589044
_d589044